Stranger fictions: history of the novel in arabic translation (Record no. 1434179)

MARC details
000 -LEADER
fixed length control field 00741nam a22002177a 4500
005 - DATE AND TIME OF LATEST TRANSACTION
control field 20250722155508.0
008 - FIXED-LENGTH DATA ELEMENTS--GENERAL INFORMATION
fixed length control field 250722b |||||||| |||| 00| 0 eng d
020 ## - INTERNATIONAL STANDARD BOOK NUMBER
International Standard Book Number 978-1-5017-5306-0 (hbk)
037 ## - SOURCE OF ACQUISITION
Terms of availability TB
040 ## - CATALOGING SOURCE
Original cataloging agency AL
Transcribing agency AL
041 ## - LANGUAGE CODE
Source of code eng
Language code of text/sound track or separate title eng
084 ## - COLON CLASSIFICATION NUMBER
Classification number O28,3:g 111R0
Assigning agency TB
100 ## - MAIN ENTRY--PERSONAL NAME
Personal name Johnson, Rebecca C.
9 (RLIN) 816292
245 ## - TITLE STATEMENT
Title Stranger fictions: history of the novel in arabic translation
260 ## - PUBLICATION, DISTRIBUTION, ETC.
Place of publication, distribution, etc. London, UK:
Name of publisher, distributor, etc. Cornell Univesity Press,
Date of publication, distribution, etc. 2020.
300 ## - PHYSICAL DESCRIPTION
Extent xiii,270p.
365 ## - TRADE PRICE
Price amount 40.00
Currency code UKP
650 ## - SUBJECT ADDED ENTRY--TOPICAL TERM
Source of heading or term ARABIC LITERATURE
942 ## - ADDED ENTRY ELEMENTS (KOHA)
Source of classification or shelving scheme Colon Classification (CC)
Koha item type Textbook
Classification part O28,3:g 111R0
Suppress in OPAC No
Holdings
Withdrawn status Lost status Source of classification or shelving scheme Damaged status Not for loan Home library Current library Date acquired Source of acquisition Cost, normal purchase price Inventory number Total Checkouts Full call number Barcode Date last seen Price effective from Koha item type
    Colon Classification (CC)     Arts Library Arts Library 2025-07-22 International Book Distributors 40.00 117162 & 2021-12-27   O28,3:g 111R0 AL1666210 2025-07-22 2025-07-22 Textbook
Copyright @ Delhi University Library System